000 01763cam a2200325 i 4500
001 18855933
003 OSt
005 20230826121540.0
008 151113s2017 mau b 001 0 eng
010 _a 2015040364
020 _a9789353062835
040 _aDLC
_beng
_cDLC
_erda
_dDLC
042 _apcc
050 0 0 _aHD30.28
_b.D3785 2017
082 0 0 _a658.4012
_bDAV/S
100 _aDavid, Fred R
_eauthor.
_91485
245 1 0 _aStrategic management :
_ba competitive advantage approach /
_cFred R. David, Francis Marion University, Florence, South Carolina, Forest R. David, Strategic Planning Consultant.
250 _aSixteenth edition.
264 1 _aBoston :
_bPearson,
_c[2017]
300 _a433 pages ;
_c28 cm
336 _atext
_2rdacontent
337 _aunmediated
_2rdamedia
338 _avolume
_2rdacarrier
504 _aIncludes bibliographical references and indexes.
505 0 _aPreface -- Acknowledgments -- About the authors -- Overview of strategic -- The nature of strategic management -- Strategy formulation -- The business vision and mission -- The external assessment -- The internal assessment -- Strategies in action -- Strategy analysis and choice -- Strategy implementation -- Implementing strategies : management and operations issues -- Implementing strategies : marketing, finance/accounting, r&d, and mis issues -- Strategy review, evaluation, and control -- Business ethics, social responsibility, and environmental sustainability -- Strategic-management case analysis -- Glossary -- Name index -- Subject index.
650 0 _aStrategic planning.
650 0 _aStrategic planning
_vCase studies.
700 1 _aDavid, Forest R.,
_eauthor.
942 _2ddc
_cBK
_h658.4012
_iDAV/S
_k658.4012
_mDAV/S
999 _c42003
_d42003